Famous 'Misters' Quiz Stats

 Plays Quiz Updated Feb 28, 2012

Also try: Mister-y Songs
Challenge
Share
Tweet
Embed
Score 0/34 Timer 08:00
1 Play Today
Hint Mr. or Mister % Correct
He 'pities the fool'...Mr. T
92.4%
Dr. Jekyll's alter egoMr. Hyde
88.1%
He sings about his 'neighborhood' while changing into his sweater and sneakersMr. Rogers
85.2%
Classic toy with changeable body parts; character in Toy Story voiced by Don RicklesMr. Potato Head
79.9%
Planters' top-hatted, monacle-wearing iconMr. Peanut
77.7%
Title character of a 2002 Adam Sandler movie who inherits a corporation and goes to New YorkMr. Deeds
76%
Procter & Gamble's bald 'grime fighter' advertising iconMr. Clean
75.5%
Many women hope to meet this 'perfect' man somedayMr. Right
74.8%
One of Carrie Bradshaw's love interests on Sex and the CityMr. Big
70%
Styx's 1983 hit featuring some Japanese lyrics; 'Domo arigato....'Mr. Roboto
68.7%
Wilbur's talking horseMister Ed
66.5%
1983 film starring Michael Keaton as a stay-at-home dadMr. Mom
66.2%
Superhero identity of Bob Parr in Disney/Pixar's 2004 movieMr. Incredible
65.4%
Coca-Cola Co. soda often said to resemble a less flavorable Dr. PepperMr. Pibb
64.7%
Captain Kirk's first officer and science officerMr. Spock
64.7%
The Chordettes wanted him to 'bring me a dream' in their 1954 hitMr. Sandman
62.8%
Hershey candy bar with peanutsMr. Goodbar
60.8%
Hint Mr. or Mister % Correct
British comedy starring Rowan Atkinson as this bumbling characterMr. Bean
58.9%
Dennis the Menace unwittingly annoys this elderly neighborMr. Wilson
56.5%
Jimmy Stewart 'went to Washington' as this character in 1939Mr. Smith
56.2%
He might have done it in the Ballroom with the KnifeMr. Green
54.5%
Title awarded to winner of the National Amateur Bodybuilders Association contestMr. Universe
51.4%
Jim Backus voiced this nearly-blind, mumbling animated characterMister Magoo
49.7%
Joe DiMaggio used to be a spokesman for this slow drip kitchen appliance, the first of its kindMr. Coffee
48.2%
Moniker for MLB's Reggie Jackson due to his outstanding post-season performancesMr. October
45.6%
Marvel comics superhero; counterpart of the Thing, the Invisible Woman, and the Human TorchMr. Fantastic
39%
Saturday Night Live's unlucky Play-Doh character. 'Oh no......'Mr. Bill
38.6%
Mark Curry's teacher character you might want to 'hang out' withMr. Cooper
37.6%
This posh English butler comes to live with the Owens family in this eponymous 1985-90 sitcomMr. Belvedere
30.3%
Sidney Poitier played this detective in 'In the Heat of the Night' and a subsequent film; they called him....MISTER Tibbs!
27.3%
Nickname of tap dancer Bill Robinson who created the iconic 'stair dance', which he famously performed with Shirley Temple; also a song by the Nitty Gritty Dirt BandMr. Bojangles
23.4%
'Magical' name of the host of the 1950/60's show about science experiments & the science behind ordinary thingsMr. Wizard
23%
From The Bullwinkle Show, this animated genius dog traveled in his time machine with his boy, ShermanMr. Peabody
20.3%
Children's book series featuring characters such as Mr. Greedy, Mr. Happy, and Mr. MessyMr. Men
14%

You're not logged in!

Compare scores with friends on all Sporcle quizzes.
Join for Free
OR
Log In

You Might Also Like...

Show Comments

Extras

Top Quizzes Today


Score Distribution

Your Account Isn't Verified!

In order to create a playlist on Sporcle, you need to verify the email address you used during registration. Go to your Sporcle Settings to finish the process.

Report this User

Report this user for behavior that violates our Community Guidelines.

Details: